The role of international and local valuation standards in influencing valuation practice in emerging and established markets (Record no. 115324)
[ view plain ]
| 000 -LEADER | |
|---|---|
| fixed length control field | 01647cad a22002655a 4500 |
| 001 - CONTROL NUMBER | |
| control field | L158462 |
| 008 - FIXED-LENGTH DATA ELEMENTS--GENERAL INFORMATION | |
| fixed length control field | 131031s2014 xxk f f 001 0 eng d |
| 035 ## - SYSTEM CONTROL NUMBER | |
| System control number | (Sirsi) u158462 |
| 041 0# - LANGUAGE CODE | |
| Language code of text/sound track or separate title | eng |
| 050 04 - LIBRARY OF CONGRESS CALL NUMBER | |
| Classification number | 333.332 $2 18 |
| 110 2# - MAIN ENTRY--CORPORATE NAME | |
| Corporate name or jurisdiction name as entry element | Royal Institution of Chartered Surveyors |
| 9 (RLIN) | 4900 |
| 245 04 - TITLE STATEMENT | |
| Title | The role of international and local valuation standards in influencing valuation practice in emerging and established markets |
| Medium | [electronic resource] |
| 260 ## - PUBLICATION, DISTRIBUTION, ETC. | |
| Place of publication, distribution, etc. | London |
| Name of publisher, distributor, etc. | RICS |
| Date of publication, distribution, etc. | 2014 |
| 490 #0 - SERIES STATEMENT | |
| Series statement | RICS Research |
| 520 ## - SUMMARY, ETC. | |
| Summary, etc. | Available as a full report of executive summary. |
| 520 ## - SUMMARY, ETC. | |
| Summary, etc. | Presents an overview of international and local valuation standards with a focus on four countries; Brazil, China, the UK and the US. Focuses on the role of international and local valuation standards in influencing valuation practice in emerging and established markets. The report demonstrates the significance of International Valuation Standards for sustainable international growth and recommends that an effective synergy between international and local standards can offer international investors greater confidence in global valuation practices. |
| 650 24 - SUBJECT ADDED ENTRY--TOPICAL TERM | |
| Topical term or geographic name entry element | RICS VALUATION STANDARDS |
| 651 #4 - SUBJECT ADDED ENTRY--GEOGRAPHIC NAME | |
| Geographic name | International |
| 690 ## - LOCAL SUBJECT ADDED ENTRY--TOPICAL TERM (OCLC, RLIN) | |
| Topical term or geographic name as entry element | Valuation |
| 9 (RLIN) | 6273 |
| 710 1# - ADDED ENTRY--CORPORATE NAME | |
| Corporate name or jurisdiction name as entry element | University of Ulster |
| 9 (RLIN) | 3068 |
| 710 1# - ADDED ENTRY--CORPORATE NAME | |
| Corporate name or jurisdiction name as entry element | University of Reading |
| 9 (RLIN) | 3273 |
| 856 40 - ELECTRONIC LOCATION AND ACCESS | |
| Uniform Resource Identifier | <a href="https://www.rics.org/Global/Global_Valuation_Standards_FR_130314_dwl_aj.pdf">https://www.rics.org/Global/Global_Valuation_Standards_FR_130314_dwl_aj.pdf</a> |
| Public note | View this item full report of charge at www.rics.org |
| 856 40 - ELECTRONIC LOCATION AND ACCESS | |
| Uniform Resource Identifier | <a href="https://www.rics.org/Global/Global_Valuation_Standards_ES_130314_dwl_aj.pdf">https://www.rics.org/Global/Global_Valuation_Standards_ES_130314_dwl_aj.pdf</a> |
| Public note | View this item executive summary of charge at www.rics.org |
| 942 ## - ADDED ENTRY ELEMENTS (KOHA) | |
| Suppress in OPAC | 0 |
| Withdrawn status | Lost status | Source of classification or shelving scheme | Damaged status | Not for loan | Home library | Current library | Shelving location | Date acquired | Total Checkouts | Full call number | Barcode | Date last seen | Copy number | Price effective from | Koha item type |
|---|---|---|---|---|---|---|---|---|---|---|---|---|---|---|---|
| Dewey Decimal Classification | Virtual | Virtual | Online | 09/03/2015 | ONLINE PUBLICATION | 158462-2001 | 06/08/2019 | 1 | 06/08/2019 | Book |